[Event "Budapest-chT1 Lilienthal 1718"]
[Site "Budapest"]
[Date "2018.04.15"]
[Round "13"]
[White "Vanya, Janos"]
[Black "Selim, Tareq"]
[Result "0-1"]
[WhiteElo "1909"]
[BlackElo "1728"]
[PlyCount "120"]
[EventDate "2017.10.01"]
[EventType "team-tourn"]
[EventRounds "13"]
[EventCountry "HUN"]
[SourceTitle "EXT 2021"]
[Source "ChessBase"]
[SourceDate "2020.10.23"]
[SourceVersion "1"]
[SourceVersionDate "2020.10.23"]
[SourceQuality "1"]
[WhiteTeam "Budapest MTK III"]
[BlackTeam "Budapest EAC II"]
[WhiteTeamCountry "HUN"]
[BlackTeamCountry "HUN"]

1. d4 Nf6 2. c4 g6 3. Nc3 e6 4. e4 Bb4 5. Bd3 Bxc3+ 6. bxc3 d6 7. Nf3 Nc6 8. 0-0 e5 9. d5 Ne7 10. Bg5 Neg8 11. Rb1 b6 12. h3 h6 13. Be3 g5 14. Nh2 Bd7 15. Qf3 Qc8 16. g4 Qa6 17. Qe2 Qc8 18. f3 Ne7 19. Rf2 Ng6 20. Nf1 Nf4 21. Bxf4 gxf4 22. Rh2 Rg8 23. Qf2 Ke7 24. Qh4 Rg6 25. Kh1 Qh8 26. Nd2 Rag8 27. c5 h5 28. cxd6+ cxd6 29. Be2 Qg7 30. Rg1 hxg4 31. hxg4 b5 32. c4 b4 33. Nb3 Qf8 34. c5 dxc5 35. Nxc5 Kd6 36. Nxd7 Nxd7 37. Rc1 Nb8 38. Qf2 Nd7 39. Qxa7 Qb8 40. Qa6+ Ke7 41. Qc4 Rb6 42. Bd1 Rh8 43. Rcc2 Rbh6 44. Rb2 Rxh2+ 45. Rxh2 Rxh2+ 46. Kxh2 Qb6 47. Kg2 f6 48. Qc6 Qxc6 49. dxc6 Nc5 50. Be2 Kd6 51. Bb5 Ne6 52. Bc4 Nd4 53. Bd5 Nxc6 54. Bxc6 Kxc6 55. g5 fxg5 56. Kh3 Kb5 57. Kg4 Ka4 58. Kf5 Ka3 59. Kxe5 Kxa2 60. Kf6 g4 0-1

[Event "Budapest FS12 FM"]
[Site "Budapest"]
[Date "2017.12.09"]
[Round "7"]
[White "Vanya, Janos"]
[Black "Takacs, Zsolt"]
[Result "1-0"]
[WhiteElo "1897"]
[BlackElo "1798"]
[PlyCount "71"]
[EventDate "2017.12.02"]
[EventType "tourn"]
[EventRounds "10"]
[EventCountry "HUN"]
[SourceTitle "CBM 182 Extra"]
[Source "ChessBase"]
[SourceDate "2018.02.23"]
[SourceVersion "1"]
[SourceVersionDate "2018.02.23"]
[SourceQuality "1"]

1. d4 Nf6 2. c4 g6 3. Nc3 d5 4. cxd5 Nxd5 5. e4 Nxc3 6. bxc3 Bg7 7. Bc4 c5 8. Be3 0-0 9. Ne2 Nc6 10. 0-0 cxd4 11. cxd4 Na5 12. Bd3 Be6 13. Qa4 a6 14. Rac1 b5 15. Qb4 Bc4 16. Rfd1 Bxd3 17. Rxd3 Nc4 18. Bg5 f6 19. Bh4 g5 20. Bg3 h5 21. h4 Qd7 22. f3 Bh6 23. hxg5 fxg5 24. Rf1 h4 25. Be1 a5 26. Qb3 a4 27. Qb1 Ra6 28. Nc3 Rb8 29. Nd5 Kg7 30. Bf2 e6 31. Ne3 Nxe3 32. Bxe3 Rc8 33. d5 e5 34. Qb2 Kf6 35. f4 gxf4 36. Bxf4 1-0

[Event "Budapest FS11 FM"]
[Site "Budapest"]
[Date "2017.11.14"]
[Round "10"]
[White "Eperjesi, Laszlo"]
[Black "Vanya, Janos"]
[Result "1-0"]
[WhiteElo "2093"]
[BlackElo "1916"]
[PlyCount "93"]
[EventDate "2017.11.04"]
[EventType "tourn"]
[EventRounds "10"]
[EventCountry "HUN"]
[SourceTitle "EXT 2019"]
[Source "ChessBase"]
[SourceDate "2018.10.10"]
[SourceVersion "1"]
[SourceVersionDate "2018.10.10"]
[SourceQuality "1"]

1. Nf3 Nf6 2. d4 e6 3. c4 b6 4. g3 Bb7 5. Bg2 d5 6. Ne5 Nbd7 7. Qa4 Be7 8. Nc6 Bxc6 9. Qxc6 0-0 10. 0-0 Rc8 11. cxd5 Nxd5 12. a3 Nb8 13. Qa4 a6 14. e4 b5 15. Qc2 Nb6 16. Rd1 c6 17. b3 Qc7 18. a4 b4 19. a5 N6d7 20. Bf4 Qb7 21. Nd2 c5 22. d5 e5 23. Be3 Qc7 24. Nc4 Bd6 25. Bh3 Rce8 26. Rac1 Rc8 27. Rf1 Rfe8 28. Bg4 Rf8 29. h4 Rfe8 30. Kg2 h5 31. Bxh5 Nf6 32. Bf3 Nbd7 33. h5 Bf8 34. Rh1 Bd6 35. g4 Nh7 36. g5 Nhf8 37. Bg4 Red8 38. Rh3 Be7 39. Rch1 Re8 40. Bf5 Bd6 41. g6 Be7 42. gxf7+ Kxf7 43. Bg6+ Nxg6 44. hxg6+ Kxg6 45. d6 Bxd6 46. Nxd6 Qxd6 47. Rh6+ 1-0

[Event "Budapest FS11 FM"]
[Site "Budapest"]
[Date "2017.11.07"]
[Round "4"]
[White "Szalanczy, Emil"]
[Black "Vanya, Janos"]
[Result "1-0"]
[WhiteElo "2191"]
[BlackElo "1916"]
[PlyCount "37"]
[EventDate "2017.11.04"]
[EventType "tourn"]
[EventRounds "10"]
[EventCountry "HUN"]
[SourceTitle "CBM 181 Extra"]
[Source "ChessBase"]
[SourceDate "2017.12.12"]
[SourceVersion "1"]
[SourceVersionDate "2017.12.12"]
[SourceQuality "1"]

1. e4 c5 2. Nf3 d6 3. d4 cxd4 4. Nxd4 Nf6 5. Nc3 e6 6. Be3 Be7 7. g4 a6 8. g5 Nfd7 9. h4 Nc6 10. Qh5 g6 11. Qe2 Qc7 12. 0-0-0 Nb6 13. h5 Bd7 14. hxg6 fxg6 15. Bh3 Nxd4 16. Rxd4 0-0-0 17. Rb4 Na8 18. Rc4 Bc6 19. Bxe6+ 1-0

[Event "HUN-chT2 Toth 1516"]
[Site "Hungary"]
[Date "2016.04.03"]
[Round "10.8"]
[White "Pasztorcsik, Janos"]
[Black "Vanya, Janos"]
[Result "1/2-1/2"]
[WhiteElo "2065"]
[BlackElo "1924"]
[PlyCount "55"]
[EventDate "2015.09.13"]
[EventType "team-tourn"]
[EventRounds "11"]
[EventCountry "HUN"]
[SourceTitle "EXT 2017"]
[Source "ChessBase"]
[SourceDate "2016.10.25"]
[SourceVersion "1"]
[SourceVersionDate "2016.10.25"]
[SourceQuality "1"]
[WhiteTeam "Oroshaza"]
[BlackTeam "Maroczy II"]
[WhiteTeamCountry "HUN"]
[BlackTeamCountry "HUN"]

1. c4 e5 2. Nc3 Nc6 3. g3 Nf6 4. Bg2 Bb4 5. e3 0-0 6. Nge2 d6 7. 0-0 Bf5 8. d4 e4 9. h3 Re8 10. a3 Bxc3 11. Nxc3 a5 12. Rb1 Qd7 13. Kh2 h6 14. b4 b6 15. b5 Nd8 16. d5 Nb7 17. Ne2 Nc5 18. Bb2 Nd3 19. Bxf6 gxf6 20. Nf4 Nxf4 21. gxf4 Kh7 22. Qh5 Rg8 23. Rg1 Rg6 24. Bh1 Rag8 25. Rxg6 fxg6 26. Qh4 g5 27. fxg5 fxg5 28. Qg3 1/2-1/2

[Event "HUN-chT2 Asztalos 1314"]
[Site "Hungary"]
[Date "2014.03.02"]
[Round "6"]
[White "Vanya, Janos"]
[Black "Szabo, Attila2222"]
[Result "1-0"]
[WhiteElo "1930"]
[BlackElo "1965"]
[PlyCount "91"]
[EventDate "2013.09.08"]
[EventType "team-tourn"]
[EventRounds "9"]
[EventCountry "HUN"]
[SourceTitle "EXT 2016"]
[Source "ChessBase"]
[SourceDate "2015.10.08"]
[SourceVersion "1"]
[SourceVersionDate "2015.10.08"]
[SourceQuality "1"]
[WhiteTeam "Kaposvar Bastya"]
[BlackTeam "Szentlorinc"]
[WhiteTeamCountry "HUN"]
[BlackTeamCountry "HUN"]

1. d4 Nf6 2. c4 e5 3. dxe5 Ng4 4. Nf3 Bc5 5. e3 Nc6 6. Be2 0-0 7. 0-0 Ngxe5 8. Nbd2 d6 9. a3 a6 10. b4 Bb6 11. Bb2 Qf6 12. Kh1 Qg6 13. Qb3 Be6 14. Qc3 f6 15. Nd4 Bxd4 16. exd4 Bd7 17. dxe5 Nxe5 18. f4 Bc6 19. Bf3 Nxf3 20. Nxf3 Qg4 21. Qd2 Rad8 22. b5 axb5 23. cxb5 Bxb5 24. Qd5+ Kh8 25. Qxb5 c6 26. Qb3 d5 27. g3 c5 28. Rae1 Qd7 29. Qc2 b6 30. f5 d4 31. Re6 Qb5 32. Rfe1 d3 33. Qd2 Qd7 34. g4 b5 35. Re7 Qd5 36. Kg2 c4 37. Bc3 h6 38. h4 h5 39. Qf4 Qa8 40. g5 d2 41. Bxd2 Qxa3 42. gxf6 Rxf6 43. Qg5 Rg8 44. Qxh5+ Rh6 45. Bxh6 gxh6+ 46. Kh1 1-0

[Event "HUN-chT2 Asztalos 1213"]
[Site "Hungary"]
[Date "2012.11.18"]
[Round "4.5"]
[White "Vanya, Janos"]
[Black "Mitric, Milutin"]
[Result "1/2-1/2"]
[WhiteElo "1942"]
[BlackElo "1991"]
[PlyCount "64"]
[EventDate "2012.09.16"]
[EventType "team-tourn"]
[EventRounds "9"]
[EventCountry "HUN"]
[SourceTitle "EXT 2014"]
[Source "ChessBase"]
[SourceDate "2013.11.20"]
[SourceVersion "1"]
[SourceVersionDate "2013.11.20"]
[SourceQuality "1"]
[WhiteTeam "Kaposvar Bastya"]
[BlackTeam "Mohacs"]
[WhiteTeamCountry "HUN"]
[BlackTeamCountry "HUN"]

1. d4 Nf6 2. c4 e5 3. dxe5 Ng4 4. Nf3 Nc6 5. Nc3 Ngxe5 6. e3 g6 7. Be2 Bg7 8. 0-0 0-0 9. Nd4 Ne7 10. e4 d6 11. f4 N5c6 12. Be3 f5 13. Qd2 fxe4 14. Nxe4 Nf5 15. Nxf5 Bxf5 16. Ng3 Be6 17. Rad1 Qe7 18. b3 Rae8 19. Rfe1 Qh4 20. Bf3 Bh6 21. Ne2 Bg7 22. g3 Qf6 23. Nd4 Nxd4 24. Bxd4 Qxd4+ 25. Qxd4 Bxd4+ 26. Rxd4 Bc8 27. Bd5+ Kg7 28. Rde4 Rxe4 29. Rxe4 c6 30. Be6 Re8 31. Bf5 Rxe4 32. Bxe4 Kf6 1/2-1/2

[Event "HUN-chT2 Asztalos 1213"]
[Site "Hungary"]
[Date "2012.09.16"]
[Round "1.4"]
[White "Vince, Andrea"]
[Black "Vanya, Janos"]
[Result "1/2-1/2"]
[WhiteElo "2130"]
[BlackElo "1942"]
[PlyCount "76"]
[EventDate "2012.09.16"]
[EventType "team-tourn"]
[EventRounds "9"]
[EventCountry "HUN"]
[SourceTitle "EXT 2014"]
[Source "ChessBase"]
[SourceDate "2013.11.20"]
[SourceVersion "1"]
[SourceVersionDate "2013.11.20"]
[SourceQuality "1"]
[WhiteTeam "Decs II"]
[BlackTeam "Kaposvar Bastya"]
[WhiteTeamCountry "HUN"]
[BlackTeamCountry "HUN"]

1. d4 Nf6 2. c4 g6 3. Nc3 d5 4. Nf3 Bg7 5. Bf4 c6 6. e3 0-0 7. Bd3 Nbd7 8. 0-0 Nb6 9. c5 Nbd7 10. b4 Nh5 11. Bg5 f5 12. Rc1 Qe8 13. Be2 Nhf6 14. b5 Ne4 15. bxc6 bxc6 16. Bf4 e5 17. dxe5 Nxc3 18. Rxc3 Nxe5 19. Ra3 Nxf3+ 20. Bxf3 Be5 21. Bxd5+ Be6 22. Bxe6+ Qxe6 23. Bxe5 Qxe5 24. Qb3+ Rf7 25. Qc4 f4 26. exf4 Qxf4 27. Qe6 Qf6 28. Qxf6 Rxf6 29. Rd1 Rf5 30. Rc3 Re8 31. g4 Rf4 32. f3 Re2 33. a3 Rf8 34. Rd6 Rb8 35. Rcd3 Rb1+ 36. Rd1 Rxd1+ 37. Rxd1 Rc2 38. Rd8+ Kg7 1/2-1/2